[Event "Mittelrhein Verbandsliga-W 15/16"]
[Site "Nordrheinwestfalen"]
[Date "2016.02.21"]
[Round "8.2"]
[White "Koch, Frank"]
[Black "Heuser, Friedhelm"]
[Result "0-1"]
[WhiteElo "1941"]
[BlackElo "1971"]
[PlyCount "36"]
[EventDate "2015.09.06"]
[EventType "team-tourn"]
[EventRounds "11"]
[EventCountry "GER"]
[SourceTitle "EXT 2022"]
[Source "ChessBase"]
[SourceDate "2021.10.06"]
[SourceVersion "1"]
[SourceVersionDate "2021.10.06"]
[SourceQuality "1"]
[WhiteTeam "Dueren Derichsweiler"]
[BlackTeam "Bruehl II"]
[WhiteTeamCountry "GER"]
[BlackTeamCountry "GER"]

1. e4 e5 2. Nf3 Nc6 3. Bb5 Nf6 4. d3 Bc5 5. Bxc6 dxc6 6. b3 Bg4 7. Nbd2 Bd4 8. Rb1 0-0 9. h3 Bh5 10. Nf1 Qe7 11. Bd2 Qc5 12. b4 Bxf2+ 13. Ke2 Bxf3+ 14. Kxf3 Qb6 15. a4 Nxe4 16. a5 Qd4 17. dxe4 f5 18. Be3 fxe4+ 0-1

[Event "Goch op 26th"]
[Site "Goch"]
[Date "2015.09.06"]
[Round "7"]
[White "Hoellmann, Ludger"]
[Black "Koch, Frank"]
[Result "1-0"]
[WhiteElo "2161"]
[BlackElo "1941"]
[PlyCount "45"]
[EventDate "2015.09.03"]
[EventType "swiss"]
[EventRounds "7"]
[EventCountry "GER"]
[SourceTitle "EXT 2018"]
[Source "ChessBase"]
[SourceDate "2017.10.13"]
[SourceVersion "1"]
[SourceVersionDate "2017.10.13"]
[SourceQuality "1"]

1. d4 f5 2. Bg5 g6 3. Nc3 Bg7 4. h4 d5 5. e3 Nf6 6. Nf3 Be6 7. Be2 Nbd7 8. Bf4 c6 9. Ne5 Ne4 10. Nxe4 fxe4 11. Nxd7 Qxd7 12. Qd2 h6 13. 0-0-0 0-0 14. Kb1 c5 15. f3 Rxf4 16. exf4 cxd4 17. h5 Rc8 18. g4 d3 19. cxd3 e3 20. Qa5 Rc6 21. d4 Qc8 22. hxg6 Rc2 23. Rc1 1-0

[Event "Goch op 24th"]
[Site "Goch"]
[Date "2013.09.07"]
[Round "4"]
[White "Rosenberger, Frank"]
[Black "Koch, Frank"]
[Result "1-0"]
[WhiteElo "2109"]
[BlackElo "2001"]
[PlyCount "53"]
[EventDate "2013.09.05"]
[EventType "swiss"]
[EventRounds "7"]
[EventCountry "GER"]
[SourceTitle "EXT 2015"]
[Source "ChessBase"]
[SourceDate "2014.11.20"]
[SourceVersion "1"]
[SourceVersionDate "2014.11.20"]
[SourceQuality "1"]

1. e4 e5 2. Nf3 Nc6 3. Bc4 Bc5 4. c3 Nf6 5. b4 Be7 6. d3 0-0 7. Bb3 d5 8. exd5 Nxd5 9. b5 Na5 10. Nxe5 Bf6 11. d4 a6 12. bxa6 Rxa6 13. Bc2 Re8 14. 0-0 c5 15. f4 cxd4 16. cxd4 Qb6 17. Bxh7+ Kf8 18. Kh1 Bxe5 19. fxe5 g6 20. Qf3 Qe6 21. Bxg6 Qxg6 22. Qxd5 Be6 23. Qf3 Rc8 24. d5 Bg4 25. Qg3 Qc2 26. Ba3+ Ke8 27. Qxg4 1-0

[Event "Goch op 23rd"]
[Site "Goch"]
[Date "2012.09.01"]
[Round "4"]
[White "Koch, Frank"]
[Black "Eschweiler, Gottfried"]
[Result "1-0"]
[WhiteElo "2019"]
[BlackElo "1735"]
[PlyCount "57"]
[EventDate "2012.08.30"]
[EventType "swiss"]
[EventRounds "7"]
[EventCountry "GER"]
[SourceTitle "EXT 2015"]
[Source "ChessBase"]
[SourceDate "2014.11.20"]
[SourceVersion "1"]
[SourceVersionDate "2014.11.20"]
[SourceQuality "1"]

1. e4 c5 2. Nf3 d6 3. d4 cxd4 4. Nxd4 Nf6 5. Nc3 e6 6. Be3 a6 7. f3 Be7 8. Qd2 0-0 9. 0-0-0 Nc6 10. g4 Qc7 11. h4 Na5 12. Kb1 b5 13. Bd3 Bb7 14. h5 Nc4 15. Bxc4 Qxc4 16. g5 Nd7 17. g6 b4 18. Na4 d5 19. e5 Rab8 20. f4 Qc7 21. Rdg1 h6 22. b3 Bc6 23. gxf7+ Rxf7 24. Nxe6 Qb7 25. Nd4 Nc5 26. Nxc6 Qxc6 27. Rg6 Qc7 28. Bxc5 Bxc5 29. Qxd5 1-0

[Event "Goch op 23rd"]
[Site "Goch"]
[Date "2012.09.01"]
[Round "5"]
[White "Verfuerth, Thomas"]
[Black "Koch, Frank"]
[Result "1-0"]
[WhiteElo "2173"]
[BlackElo "2019"]
[PlyCount "67"]
[EventDate "2012.08.30"]
[EventType "swiss"]
[EventRounds "7"]
[EventCountry "GER"]
[SourceTitle "EXT 2015"]
[Source "ChessBase"]
[SourceDate "2014.11.20"]
[SourceVersion "1"]
[SourceVersionDate "2014.11.20"]
[SourceQuality "1"]

1. c4 c5 2. Nc3 Nc6 3. e4 g6 4. g3 Bg7 5. Bg2 Nf6 6. Nge2 0-0 7. 0-0 Ne8 8. d3 d6 9. Rb1 Rb8 10. a3 a5 11. Be3 Nd4 12. b4 axb4 13. axb4 Bd7 14. bxc5 dxc5 15. Bxd4 cxd4 16. Nb5 Bc6 17. f4 e6 18. e5 Qd7 19. Nbxd4 Bxg2 20. Kxg2 f6 21. exf6 Bxf6 22. Nf3 Nd6 23. g4 Qc6 24. Kg3 h5 25. Nfd4 Qd7 26. h3 hxg4 27. hxg4 e5 28. Nf3 exf4+ 29. Nxf4 g5 30. Nd5 Qe6 31. Qd2 Be5+ 32. Nxe5 Qxe5+ 33. Kg2 b5 34. Rfe1 1-0

[Event "Goch op 22nd"]
[Site "Goch"]
[Date "2011.10.01"]
[Round "5"]
[White "Lasschuit, Rene"]
[Black "Koch, Frank"]
[Result "1/2-1/2"]
[WhiteElo "1853"]
[BlackElo "2037"]
[PlyCount "59"]
[EventDate "2011.09.29"]
[EventType "swiss"]
[EventRounds "7"]
[EventCountry "GER"]
[SourceTitle "EXT 2014"]
[Source "ChessBase"]
[SourceDate "2013.11.20"]
[SourceVersion "1"]
[SourceVersionDate "2013.11.20"]
[SourceQuality "1"]

1. d4 d5 2. Nf3 Nf6 3. e3 Bf5 4. Bd3 Bxd3 5. Qxd3 c6 6. 0-0 Nbd7 7. Nbd2 e6 8. Re1 Be7 9. e4 dxe4 10. Nxe4 0-0 11. c4 Nxe4 12. Qxe4 Nf6 13. Qe2 Qc7 14. b3 Rfe8 15. Bb2 c5 16. Rad1 Rad8 17. h3 cxd4 18. Rxd4 Rxd4 19. Nxd4 Nd7 20. Nf3 Bf6 21. Bxf6 Nxf6 22. Rd1 Rd8 23. Rxd8+ Qxd8 24. Qe3 Qd1+ 25. Kh2 Qd6+ 26. Qe5 Qxe5+ 27. Nxe5 Kf8 28. f3 Ke7 29. Kg3 Ne8 30. Kf4 1/2-1/2

[Event "Goch op 21st"]
[Site "Goch"]
[Date "2010.10.01"]
[Round "2"]
[White "Harff, Marcel"]
[Black "Koch, Frank"]
[Result "1-0"]
[WhiteElo "2162"]
[BlackElo "2041"]
[PlyCount "77"]
[EventDate "2010.09.30"]
[EventType "swiss"]
[EventRounds "7"]
[EventCountry "GER"]
[SourceTitle "EXT 2012"]
[Source "ChessBase"]
[SourceDate "2011.11.24"]
[SourceVersion "1"]
[SourceVersionDate "2011.11.24"]
[SourceQuality "1"]

1. c4 c5 2. Nc3 Nc6 3. a3 g6 4. Rb1 a5 5. g3 Bg7 6. Bg2 e5 7. d3 Nge7 8. h4 h6 9. h5 g5 10. f4 g4 11. e4 exf4 12. gxf4 d6 13. f5 Ne5 14. Bf4 N7c6 15. Nd5 Rb8 16. a4 Bd7 17. Ne2 Nb4 18. Nxb4 axb4 19. b3 Qe7 20. Ng3 Kd8 21. Qe2 Kc7 22. Nf1 Bf6 23. Ne3 Bc6 24. Nxg4 Nxg4 25. Qxg4 Rhg8 26. Qe2 Bg5 27. Bh2 Qf6 28. 0-0 Rbe8 29. Kh1 Qe7 30. Qf2 Kb6 31. f6 Qd8 32. Rbe1 Re6 33. d4 Rxf6 34. dxc5+ dxc5 35. a5+ Ka6 36. Qxc5 Rxf1+ 37. Bxf1 Qxa5 38. Qxa5+ Kxa5 39. Bc7+ 1-0

[Event "Goch op 21st"]
[Site "Goch"]
[Date "2010.10.01"]
[Round "3"]
[White "Koch, Frank"]
[Black "Lenaerts, Lennert"]
[Result "1-0"]
[WhiteElo "2041"]
[BlackElo "1770"]
[PlyCount "119"]
[EventDate "2010.09.30"]
[EventType "swiss"]
[EventRounds "7"]
[EventCountry "GER"]
[SourceTitle "EXT 2012"]
[Source "ChessBase"]
[SourceDate "2011.11.24"]
[SourceVersion "1"]
[SourceVersionDate "2011.11.24"]
[SourceQuality "1"]

1. c4 Nf6 2. g3 g6 3. Bg2 Bg7 4. Nc3 0-0 5. d3 d6 6. e4 e5 7. Nge2 Nfd7 8. 0-0 f5 9. exf5 gxf5 10. f4 c6 11. Be3 Nf6 12. Kh1 Be6 13. Qd2 Ng4 14. Bg1 Nd7 15. h3 Ngf6 16. Rae1 Qc7 17. b3 Rad8 18. fxe5 dxe5 19. d4 Nb6 20. Qe3 e4 21. Nf4 Bc8 22. Qe2 Qf7 23. Be3 Ne8 24. Rd1 Nc7 25. Nh5 Qg6 26. Nxg7 Qxg7 27. Qf2 Ne6 28. Ne2 Na8 29. h4 Rf7 30. Bh3 Nf8 31. Nf4 Ng6 32. Rg1 Nc7 33. Nxg6 hxg6 34. Bf4 Ne6 35. Be5 Qf8 36. Qe3 Kh7 37. Rgf1 Qh6 38. Qxh6+ Kxh6 39. d5 cxd5 40. cxd5 Nc5 41. Bf4+ Kh7 42. Bg5 Rd6 43. Rc1 Rxd5 44. b4 b6 45. bxc5 bxc5 46. Be3 c4 47. Rfd1 Bb7 48. Bf1 Rc7 49. Rxd5 Bxd5 50. Rc3 a6 51. Kg1 Kg7 52. Kf2 Kf7 53. Bf4 Rb7 54. Ke3 Rb2 55. Kd4 Ke6 56. Ra3 Rb6 57. Ra5 Bc6 58. Bxc4+ Kd7 59. Kc5 Rb1 60. Rxa6 1-0

[Event "Mittelrhein-ch"]
[Site "Dueren"]
[Date "2010.06.04"]
[Round "3"]
[White "Koch, Frank"]
[Black "Olbrisch, Manfred"]
[Result "1/2-1/2"]
[WhiteElo "2041"]
[BlackElo "2063"]
[PlyCount "68"]
[EventDate "2010.06.02"]
[EventType "swiss"]
[EventRounds "5"]
[EventCountry "GER"]
[SourceTitle "CBM 137 Extra"]
[Source "ChessBase"]
[SourceDate "2010.09.01"]
[SourceVersion "1"]
[SourceVersionDate "2010.09.01"]
[SourceQuality "1"]

1. e4 d5 2. exd5 Nf6 3. Bb5+ Bd7 4. Be2 Nxd5 5. d4 Bf5 6. Nf3 e6 7. 0-0 Be7 8. a3 g5 9. c4 Nf4 10. Bxf4 gxf4 11. Nc3 Rg8 12. Re1 Bh3 13. Bf1 Kf8 14. Kh1 Bg4 15. Qd3 Nd7 16. Qe4 Nf6 17. Qxf4 Bxf3 18. Qxf3 Qxd4 19. Ne4 Nxe4 20. Rxe4 Qxb2 21. Rae1 Bc5 22. Rf4 Rg7 23. Qe4 Kg8 24. Rb1 Qd2 25. Qxb7 Rf8 26. Qf3 Rg6 27. Re4 Qxf2 28. Qxf2 Bxf2 29. Rb7 f5 30. Re2 Bb6 31. c5 Bxc5 32. Rxc7 Bb6 33. Re7 Rd8 34. g3 Bc5 1/2-1/2

[Event "Mittelrhein-ch"]
[Site "Dueren"]
[Date "2010.06.02"]
[Round "1"]
[White "Koch, Frank"]
[Black "Frombach, Ralf"]
[Result "1/2-1/2"]
[WhiteElo "2041"]
[BlackElo "2206"]
[PlyCount "115"]
[EventDate "2010.06.02"]
[EventType "swiss"]
[EventRounds "5"]
[EventCountry "GER"]
[SourceTitle "CBM 137 Extra"]
[Source "ChessBase"]
[SourceDate "2010.09.01"]
[SourceVersion "1"]
[SourceVersionDate "2010.09.01"]
[SourceQuality "1"]

1. e4 c5 2. Nf3 e6 3. Nc3 Nc6 4. d4 cxd4 5. Nxd4 Qc7 6. Be3 a6 7. Bd3 Nf6 8. 0-0 Nxd4 9. Bxd4 Bc5 10. Bxc5 Qxc5 11. Kh1 0-0 12. Qe2 d6 13. f4 e5 14. f5 b5 15. a3 Bb7 16. Rad1 b4 17. axb4 Qxb4 18. Bc4 Qxb2 19. Rb1 Qxc3 20. Rxb7 a5 21. Qd3 Qxd3 22. cxd3 a4 23. h3 Ra5 24. Ra1 d5 25. exd5 Nxd5 26. Bxd5 Rxd5 27. Rxa4 Rxd3 28. Re7 f6 29. Rg4 g5 30. fxg6 h5 31. Rh4 Rg3 32. Rxh5 Rxg6 33. g4 Rg7 34. Rxg7+ Kxg7 35. Kg2 Ra8 36. Rf5 Kg6 37. Rf2 Rd8 38. Rf5 Rd2+ 39. Kg3 Rd3+ 40. Kg2 Kf7 41. g5 Kg6 42. Rxf6+ Kxg5 43. Rf3 Rd1 44. Rf8 e4 45. Kf2 Rd3 46. Rg8+ Kf4 47. Rf8+ Ke5 48. Re8+ Kd4 49. Rd8+ Kc3 50. Re8 Rf3+ 51. Ke2 Kd4 52. Rd8+ Ke5 53. Re8+ Kf4 54. Rf8+ Kg3 55. Rg8+ Kf4 56. Rf8+ Kg3 57. Rg8+ Kf4 58. Rf8+ 1/2-1/2

[Event "Goch op 17th"]
[Site "Goch"]
[Date "2006.10.15"]
[Round "7"]
[White "Koch, Frank"]
[Black "Beckers, Marius"]
[Result "1/2-1/2"]
[WhiteElo "2090"]
[BlackElo "1782"]
[PlyCount "52"]
[EventDate "2006.10.12"]
[EventType "swiss"]
[EventRounds "7"]
[EventCountry "GER"]
[SourceTitle "EXT 2008"]
[Source "ChessBase"]
[SourceDate "2007.11.25"]
[SourceVersion "1"]
[SourceVersionDate "2007.11.25"]
[SourceQuality "1"]

1. e4 e6 2. d4 d5 3. e5 c5 4. c3 Nc6 5. Nf3 Qb6 6. a3 c4 7. Nbd2 Na5 8. Be2 Be7 9. 0-0 Bd7 10. Re1 f6 11. exf6 Bxf6 12. Bf1 Ne7 13. Ne5 Bxe5 14. Qh5+ Ng6 15. Rxe5 0-0-0 16. Re1 Rdf8 17. g3 Rf5 18. Qe2 Rhf8 19. f4 Qd6 20. Bh3 R5f6 21. Nf3 h6 22. Bd2 Ne7 23. Rf1 Nb3 24. Rae1 Nxd2 25. Nxd2 Nf5 26. Nf3 Rg6 1/2-1/2

[Event "Goch op 17th"]
[Site "Goch"]
[Date "2006.10.15"]
[Round "6"]
[White "Reiter, Brigitte"]
[Black "Koch, Frank"]
[Result "0-1"]
[WhiteElo "1732"]
[BlackElo "2090"]
[PlyCount "104"]
[EventDate "2006.10.12"]
[EventType "swiss"]
[EventRounds "7"]
[EventCountry "GER"]
[SourceTitle "EXT 2008"]
[Source "ChessBase"]
[SourceDate "2007.11.25"]
[SourceVersion "1"]
[SourceVersionDate "2007.11.25"]
[SourceQuality "1"]

1. d4 d5 2. Nf3 Nf6 3. Bf4 c5 4. c3 Nc6 5. e3 Qb6 6. Qb3 Bf5 7. Nbd2 e6 8. Be2 h6 9. h3 c4 10. Qxb6 axb6 11. 0-0 b5 12. a3 Be7 13. Ne5 Nd7 14. Ndf3 f6 15. Nxd7 Kxd7 16. Nd2 g5 17. Bg3 Bg6 18. f3 e5 19. e4 exd4 20. exd5 Ne5 21. cxd4 Nd3 22. Bxd3 Bxd3 23. Rfe1 b4 24. Ne4 bxa3 25. bxa3 Bxe4 26. d6 Bxd6 27. Bxd6 Kxd6 28. fxe4 Ra5 29. Rab1 b5 30. Re3 Rc8 31. Rc3 Rca8 32. a4 bxa4 33. Rxc4 R5a6 34. Kf2 a3 35. Ra1 Rb8 36. Rc2 Rb3 37. Ke2 Rg3 38. Kf2 Rd3 39. Rca2 h5 40. Ke2 Rg3 41. Kf2 h4 42. Rd2 Rb3 43. Ke2 Rab6 44. Kf2 Rb2 45. Rxb2 Rxb2+ 46. Kf3 a2 47. Kg4 Rxg2+ 48. Kf5 Rf2+ 49. Kg6 g4 50. hxg4 h3 51. g5 fxg5 52. Kxg5 h2 0-1

[Event "Goch op 17th"]
[Site "Goch"]
[Date "2006.10.13"]
[Round "3"]
[White "Schuermann, Jan"]
[Black "Koch, Frank"]
[Result "0-1"]
[WhiteElo "1349"]
[BlackElo "2090"]
[PlyCount "104"]
[EventDate "2006.10.12"]
[EventType "swiss"]
[EventRounds "7"]
[EventCountry "GER"]
[SourceTitle "EXT 2008"]
[Source "ChessBase"]
[SourceDate "2007.11.25"]
[SourceVersion "1"]
[SourceVersionDate "2007.11.25"]
[SourceQuality "1"]

1. e4 e5 2. Nf3 Nc6 3. Bc4 Nf6 4. d3 Be7 5. Nc3 d6 6. 0-0 0-0 7. h3 Na5 8. Bb3 Nxb3 9. axb3 c5 10. Ne2 Qc7 11. c3 h6 12. Ng3 Be6 13. d4 cxd4 14. cxd4 Rfd8 15. d5 Bd7 16. Be3 Rdc8 17. Rxa7 Rxa7 18. Bxa7 Bb5 19. Re1 b6 20. Qa1 Qb7 21. Qa3 Ra8 22. Qb4 Be8 23. Bxb6 Rb8 24. Nf5 Bf8 25. Re3 Qxb6 26. Qxb6 Rxb6 27. Nd2 g6 28. Nc4 Ra6 29. Ng3 h5 30. f3 Be7 31. Kf2 Bd8 32. Ne2 Bb6 33. Nxb6 Rxb6 34. Rc3 Kg7 35. g4 Kh6 36. Kg3 Bd7 37. Re3 hxg4 38. hxg4 Ne8 39. Kh4 Nc7 40. g5+ Kg7 41. Kg3 Na6 42. f4 exf4+ 43. Kxf4 Nc5 44. Nc1 Rb4 45. Kf3 f6 46. gxf6+ Kxf6 47. Kf4 g5+ 48. Kf3 Ke5 49. Nd3+ Nxd3 50. Rxd3 g4+ 51. Kg3 Kxe4 52. Rc3 Kxd5 0-1

[Event "Goch op 16th"]
[Site "Goch"]
[Date "2005.10.03"]
[Round "6"]
[White "Van Winsen, Joost"]
[Black "Koch, Frank"]
[Result "1/2-1/2"]
[WhiteElo "1732"]
[BlackElo "2098"]
[PlyCount "79"]
[EventDate "2005.09.30"]
[EventType "swiss"]
[EventRounds "7"]
[EventCountry "GER"]
[SourceTitle "EXT 2007"]
[Source "ChessBase"]
[SourceDate "2006.11.23"]
[SourceVersion "1"]
[SourceVersionDate "2006.11.23"]
[SourceQuality "1"]

1. c4 Nf6 2. Nc3 e5 3. g3 Bb4 4. Bg2 0-0 5. e3 d6 6. Nge2 c6 7. d4 Qe7 8. 0-0 Na6 9. a3 Bxc3 10. Nxc3 Bg4 11. f3 Bd7 12. b4 Nc7 13. Bd2 Rfe8 14. Re1 Rab8 15. Qc2 a6 16. Rad1 b5 17. dxe5 dxe5 18. Ne4 Be6 19. c5 Nxe4 20. Qxe4 Bb3 21. Rb1 Bd5 22. Qc2 h5 23. e4 Bc4 24. Bf1 Bxf1 25. Rxf1 h4 26. Kg2 Ne6 27. Be3 Rbd8 28. Rbd1 Nd4 29. Bxd4 Rxd4 30. Rxd4 exd4 31. Rd1 Rd8 32. Rd3 Qe6 33. Qd2 h3+ 34. Kf2 Qc4 35. g4 Rd7 36. Kg3 a5 37. Kxh3 axb4 38. axb4 f6 39. Kg3 Kf7 40. h4 1/2-1/2

[Event "Goch op 16th"]
[Site "Goch"]
[Date "2005.10.02"]
[Round "5"]
[White "Koch, Frank"]
[Black "Schueppel, Werner"]
[Result "1/2-1/2"]
[WhiteElo "2098"]
[BlackElo "1934"]
[PlyCount "56"]
[EventDate "2005.09.30"]
[EventType "swiss"]
[EventRounds "7"]
[EventCountry "GER"]
[SourceTitle "EXT 2007"]
[Source "ChessBase"]
[SourceDate "2006.11.23"]
[SourceVersion "1"]
[SourceVersionDate "2006.11.23"]
[SourceQuality "1"]

1. e4 g6 2. d4 Bg7 3. Nc3 d6 4. Be3 Nd7 5. Qd2 e5 6. Nf3 exd4 7. Nxd4 Ne7 8. Be2 Nc6 9. Nb3 Nde5 10. 0-0-0 Be6 11. Nd5 a5 12. a4 Ng4 13. Bxg4 Bxg4 14. f3 Be6 15. Bh6 0-0 16. h4 Bxd5 17. exd5 Ne5 18. Bxg7 Kxg7 19. h5 Qf6 20. hxg6 Qxg6 21. Rh4 Rh8 22. Rdh1 Kf8 23. Rh6 Qg7 24. Qf4 b5 25. Nd4 Ng6 26. Ne6+ Kg8 27. Nxg7 Nxf4 28. Nf5 Re8 1/2-1/2

[Event "Goch op 15th"]
[Site "Goch"]
[Date "2004.10.03"]
[Round "7"]
[White "Versteeg, Cees"]
[Black "Koch, Frank"]
[Result "0-1"]
[WhiteElo "1928"]
[BlackElo "2134"]
[PlyCount "40"]
[EventDate "2004.09.30"]
[EventType "swiss"]
[EventRounds "7"]
[EventCountry "GER"]
[SourceTitle "EXT 2006"]
[Source "ChessBase"]
[SourceDate "2005.11.24"]
[SourceVersion "1"]
[SourceVersionDate "2005.11.24"]
[SourceQuality "1"]

1. e4 e5 2. Nf3 Nc6 3. Nc3 Nf6 4. Bb5 Bb4 5. d3 d6 6. Bg5 h6 7. Be3 0-0 8. 0-0 Bg4 9. h3 Bh5 10. g4 Nxg4 11. hxg4 Bxg4 12. Bxc6 bxc6 13. Kg2 f5 14. Qc1 Bxc3 15. bxc3 fxe4 16. Nh2 Qh4 17. dxe4 Qh3+ 18. Kg1 Bf3 19. Nxf3 Rxf3 20. Re1 Raf8 0-1

[Event "Goch op 15th"]
[Site "Goch"]
[Date "2004.10.02"]
[Round "5"]
[White "Baisakow, Alexander"]
[Black "Koch, Frank"]
[Result "1/2-1/2"]
[WhiteElo "2027"]
[BlackElo "2134"]
[PlyCount "43"]
[EventDate "2004.09.30"]
[EventType "swiss"]
[EventRounds "7"]
[EventCountry "GER"]
[SourceTitle "EXT 2006"]
[Source "ChessBase"]
[SourceDate "2005.11.24"]
[SourceVersion "1"]
[SourceVersionDate "2005.11.24"]
[SourceQuality "1"]

1. d4 d5 2. c4 e6 3. Nc3 Be7 4. Nf3 Nf6 5. Bg5 h6 6. Bh4 0-0 7. e3 b6 8. cxd5 Nxd5 9. Bxe7 Qxe7 10. Nxd5 exd5 11. Be2 Be6 12. 0-0 c5 13. Rc1 Nd7 14. Bb5 Rfc8 15. a3 Nf6 16. Ne5 Qb7 17. Qa4 Qe7 18. Bc6 Rab8 19. Bb5 Qd6 20. Qxa7 Ra8 21. Qb7 Rab8 22. Qa7 1/2-1/2

[Event "Goch op 15th"]
[Site "Goch"]
[Date "2004.09.30"]
[Round "1"]
[White "Koch, Frank"]
[Black "Thevessen, Hubert"]
[Result "0-1"]
[WhiteElo "2134"]
[BlackElo "1666"]
[PlyCount "94"]
[EventDate "2004.09.30"]
[EventType "swiss"]
[EventRounds "7"]
[EventCountry "GER"]
[SourceTitle "EXT 2006"]
[Source "ChessBase"]
[SourceDate "2005.11.24"]
[SourceVersion "1"]
[SourceVersionDate "2005.11.24"]
[SourceQuality "1"]

1. e4 c6 2. d4 d5 3. e5 Bf5 4. Nf3 e6 5. Be2 Nd7 6. 0-0 c5 7. c4 Ne7 8. Nc3 cxd4 9. Nb5 Nc6 10. cxd5 exd5 11. Bg5 Qb6 12. Nfxd4 Nxd4 13. Nxd4 Qg6 14. Qd2 Bc5 15. Be3 Bh3 16. Bf3 Nxe5 17. Qe2 0-0 18. Kh1 Nxf3 19. Qxf3 Be6 20. Rac1 Bd6 21. h3 a6 22. Rfe1 Rfe8 23. Bf4 Bxf4 24. Qxf4 Rad8 25. Re3 Bd7 26. Qc7 Qf6 27. Rxe8+ Bxe8 28. Nf5 Rd7 29. Re1 Qd8 30. Ne7+ Kh8 31. Qxd8 Rxd8 32. Nxd5 Bc6 33. Ne7 Bb5 34. Re3 g6 35. Rc3 Kg7 36. Rc7 Rd7 37. Rxd7 Bxd7 38. Nd5 Bc6 39. Nc3 Kf6 40. Kg1 Ke5 41. Kf1 Kd4 42. g3 Kd3 43. Nd1 Kd2 44. Ne3 Kc1 45. b4 Kb2 46. Ke2 Kxa2 47. Kd2 Kb3 0-1

[Event "Bergheim op"]
[Site "Bergheim"]
[Date "2003.09.14"]
[Round "6"]
[White "Koch, Frank"]
[Black "Richrath, Martin"]
[Result "1/2-1/2"]
[WhiteElo "1893"]
[BlackElo "1807"]
[PlyCount "34"]
[EventDate "2003.09.11"]
[EventType "swiss"]
[EventRounds "7"]
[EventCountry "GER"]
[SourceTitle "EXT 2006"]
[Source "ChessBase"]
[SourceDate "2005.11.24"]
[SourceVersion "1"]
[SourceVersionDate "2005.11.24"]
[SourceQuality "1"]

1. e4 e6 2. d4 d5 3. Nc3 Bb4 4. e5 c5 5. a3 Bxc3+ 6. bxc3 Qc7 7. Qg4 f5 8. Qh5+ g6 9. Qd1 cxd4 10. cxd4 Qc3+ 11. Bd2 Qxd4 12. Nf3 Qc5 13. Bb4 Qc7 14. Qd2 Qg7 15. Be2 Ne7 16. 0-0 0-0 17. Qf4 Nbc6 1/2-1/2

[Event "Bergheim op"]
[Site "Bergheim"]
[Date "2003.09.14"]
[Round "7"]
[White "Ruetten, Ingmar"]
[Black "Koch, Frank"]
[Result "0-1"]
[WhiteElo "1805"]
[BlackElo "1893"]
[PlyCount "68"]
[EventDate "2003.09.11"]
[EventType "swiss"]
[EventRounds "7"]
[EventCountry "GER"]
[SourceTitle "EXT 2006"]
[Source "ChessBase"]
[SourceDate "2005.11.24"]
[SourceVersion "1"]
[SourceVersionDate "2005.11.24"]
[SourceQuality "1"]

1. Nf3 Nf6 2. c4 e6 3. Nc3 c5 4. e3 d5 5. d4 Nc6 6. Bd3 a6 7. cxd5 exd5 8. dxc5 Bxc5 9. 0-0 0-0 10. h3 Be6 11. Ne2 Qe7 12. b3 Rad8 13. Bb2 Rfe8 14. Rc1 Ne4 15. Nf4 Ba7 16. Qe2 Bc8 17. Nh5 f6 18. Bxa6 Nxf2 19. Rxc6 Nxh3+ 20. Kh1 bxc6 21. Bxc8 Rxc8 22. Nd4 Qxe3 23. Qg4 Nf2+ 24. Rxf2 Qg5 25. Qxg5 fxg5 26. Nxg7 Re1+ 27. Kh2 Rd1 28. Ngf5 Re8 29. Nh6+ Kg7 30. Ne6+ Kxh6 31. Rf6+ Kh5 32. Ng7+ Kg4 33. Nxe8 Bg1+ 34. Kh1 Bf2+ 0-1

[Event "Bergheim op"]
[Site "Bergheim"]
[Date "2003.09.13"]
[Round "4"]
[White "Koch, Frank"]
[Black "Ott, Herbert"]
[Result "1-0"]
[WhiteElo "1893"]
[BlackElo "1448"]
[PlyCount "31"]
[EventDate "2003.09.11"]
[EventType "swiss"]
[EventRounds "7"]
[EventCountry "GER"]
[SourceTitle "EXT 2006"]
[Source "ChessBase"]
[SourceDate "2005.11.24"]
[SourceVersion "1"]
[SourceVersionDate "2005.11.24"]
[SourceQuality "1"]

1. e4 c5 2. Nf3 e6 3. d4 cxd4 4. Nxd4 Nc6 5. Nc3 Bb4 6. Nxc6 Bxc3+ 7. bxc3 bxc6 8. Bd3 Ne7 9. 0-0 0-0 10. e5 a5 11. Bg5 Ba6 12. c4 h6 13. Qh5 f6 14. exf6 gxf6 15. Qxh6 Rf7 16. Bxf6 1-0

[Event "Kleve op"]
[Site "Kleve"]
[Date "2002.05.12"]
[Round "7"]
[White "Koch, Frank"]
[Black "Holderer, Erich"]
[Result "0-1"]
[WhiteElo "2230"]
[BlackElo "2225"]
[PlyCount "64"]
[EventDate "2002.05.09"]
[EventType "swiss"]
[EventRounds "7"]
[EventCountry "GER"]
[SourceTitle "EXT 2008"]
[Source "ChessBase"]
[SourceDate "2007.11.25"]
[SourceVersion "1"]
[SourceVersionDate "2007.11.25"]
[SourceQuality "1"]

1. e4 c5 2. Nf3 d6 3. d4 cxd4 4. Nxd4 Nf6 5. Nc3 a6 6. Bg5 e6 7. f4 Be7 8. Qf3 Qc7 9. 0-0-0 Nbd7 10. g4 b5 11. Bxf6 Nxf6 12. g5 Nd7 13. h4 Bb7 14. a3 Rc8 15. Bh3 0-0 16. h5 Nc5 17. Rh2 d5 18. e5 Ne4 19. Nxe4 dxe4 20. Qg3 Qc4 21. g6 Qa2 22. Nb3 Bxa3 23. bxa3 Qxa3+ 24. Kb1 Qe7 25. gxh7+ Kh8 26. Rg2 f5 27. Rdg1 e3 28. Re2 Be4 29. Qxe3 Qa3 30. Qd2 Bxc2+ 31. Qxc2 Rxc2 32. Rxc2 Qxb3+ 0-1

[Event "Kleve op"]
[Site "Kleve"]
[Date "2002.05.11"]
[Round "6"]
[White "Gochermann, Wilhelm"]
[Black "Koch, Frank"]
[Result "0-1"]
[WhiteElo "1780"]
[BlackElo "2230"]
[PlyCount "50"]
[EventDate "2002.05.09"]
[EventType "swiss"]
[EventRounds "7"]
[EventCountry "GER"]
[SourceTitle "EXT 2008"]
[Source "ChessBase"]
[SourceDate "2007.11.25"]
[SourceVersion "1"]
[SourceVersionDate "2007.11.25"]
[SourceQuality "1"]

1. e4 e5 2. Nf3 Nc6 3. Bc4 Nf6 4. d3 Bc5 5. Bg5 d6 6. Nc3 h6 7. Bh4 Be6 8. Bd5 g5 9. Bg3 Bxd5 10. Nxd5 Nxd5 11. exd5 Ne7 12. c4 f5 13. h3 0-0 14. 0-0 Bb6 15. Nd2 Ng6 16. Qh5 Kg7 17. Nf3 Qf6 18. Rfe1 Rac8 19. Re2 Nh8 20. Nd2 Qg6 21. Qf3 h5 22. Bh2 Nf7 23. Rae1 Rh8 24. b4 g4 25. hxg4 hxg4 0-1